000 00673nmm a2200229Ia 4500
008 251105s9999||||xx |||||||||||||||||und||
020 _a9788475228334
041 _aspa
100 _aCaparrós, Ignacio
245 0 _aOda a la vagina; Oda a Príapo; Las siete bienaventuranzas
264 _a[Madrid, España] :
_bVisor Libros,
_c2006
300 _a134 páginas
490 _aAmaranta
650 _aGender and Women Studies
700 _aCaparrós, Ignacio
700 1 _a Caparrós, Ignacio
700 1 _a Caparrós, Ignacio
700 1 _a Hughes, Clovis
700 1 _a Piron, Alexis
856 _uhttps://public.digitaliapublishing.com/a/37127
942 _cCF
999 _c63486
_d63486